000 00805cam a22002653a 4500
001 4426
003 PGUSA
005 20140828083054.0
008 041103s2004||||xxu|||||s|||||000 1 eng d
040 _aPGUSA
_beng
042 _adc
050 4 _aPR
100 1 _aMeredith, George,
_d1828-1909
245 1 0 _aRhoda Fleming — Complete
_h[electronic resource] /
_cGeorge Meredith
260 _bProject Gutenberg,
_c2004
506 _aPublic domain in the USA.
516 _aElectronic text
653 _aMiddle class -- Fiction
653 _aFarm life -- Fiction
653 _aEnglish fiction -- 19th century
653 _aGreat Britain -- Social life and customs -- 19th century -- Fiction
830 0 _aProject Gutenberg
_v4426
856 4 0 _uhttp://www.gutenberg.org/ebooks/4426
942 _cEB
999 _c233755
_d233755